000
00253 a2200097 4500
001
44159
100
_a
Asad Hussain
245
_a
British India's relations with the Kingdom of Nepal 1857-1947
260
_a
London
_b
Allen unwin
_c
090
_c
27900
_d
27900
942
_a
NUST-CAE
_c
M
_c
19892
999
_c
279232
_d
279232